000 00826nam a2200193 a 4500
003 0
005 20250602165118.0
008 021122s19uu xx 00 eng d
050 _aPHS RC 552.E18
_b.C37 2002
100 _aCapili, Ronna Jomari G.
245 _aA Comparative study on the awareness of male and female students of Maria Montessori Foundation on Anorexia nervosa and Bulimia nervosa /
_cRonna Jomari G. Capili.
260 _aLas PiƱas City, Philippines :
_bSouthville International School and Colleges,
_c2002.
300 _a63 pages :
_billustrations ;
_c28 cm.
504 _aIncludes bibliographical references.
650 _aAnorexia nervosa
_zPhilippines
_xPsychological aspects.
650 _aBulimia
_zPhilippines
_xPsychological aspects.
650 _aEating disorders
_xSex differences.
942 _2lcc
_cPASS
999 _c96685
_d96685